Gaming Quiz

Random Gaming or Minecraft Quiz

Minecraft: Things You Can Make With Wooden Planks Quiz Stats

 Plays Quiz not verified by Sporcle

Also try: Childhood Games
Challenge
Share
Tweet
Embed
Score 0/25 Timer 02:00
0 Plays Today
Block % Correct
Door
78.9%
Stick
78.9%
Crafting Table
71.1%
Wooden Sword
68.4%
Fence
65.8%
Wooden Axe
65.8%
Stairs
63.2%
Wooden Hoe
63.2%
Wooden Pickaxe
63.2%
Wooden Shovel
60.5%
Half Slab
57.9%
Chest
57.9%
Trapdoor
50%
Block % Correct
Boat
50%
Bowl
47.4%
Fence Gate
47.4%
Bed
44.7%
Pressure Plate
44.7%
Piston
42.1%
Button
36.8%
Bookshelf
36.8%
Sign
31.6%
Shield
23.7%
Noteblock
18.4%
Tripwire Hook
18.4%

You're not logged in!

Compare scores with friends on all Sporcle quizzes.
OR
Log In

You Might Also Like...

Show Comments

Extras

Created Sep 1, 2016ReportNominate
Tags:Minecraft Quiz, block, wooden

Top Quizzes Today


Score Distribution

Your Account Isn't Verified!

In order to create a playlist on Sporcle, you need to verify the email address you used during registration. Go to your Sporcle Settings to finish the process.

Report this User

Report this user for behavior that violates our Community Guidelines.

Details: